Poznámky k argumentaci /

Korporativní autor: Univerzita Hradec Králové. Ústav filosofie a společenských věd
Další autoři: Danešová, Barbora
Jazyk: Čeština
Vydáno: Ústí nad Orlicí : Oftis pro Ústav filosofie a společenských věd Fakulty humanitních studií Univerzity Hradec Králové, 2006
Vydání: Vyd. 1.
Témata:
Fyzický popis: 184 s. ; 21 cm
Knihy
Uloženo v:
LEADER 01638nam a2200469 a 4500
001 nkc20061702803
003 CZ PrNK
005 20071102135815.0
007 ta
008 061222s2006 xr f 000 0 cze
015 |a cnb001702803 
020 |a 80-86845-60-5  |q (OFTIS ;  |q brož.) 
035 |a (OCoLC)190397769 
040 |a ABA001  |b cze  |d OLA001 
072 7 |a 16  |x Logika  |2 Konspekt  |9 5 
080 |a 162  |2 MRF 
080 |a 16  |2 MRF 
080 |a 14(38)  |2 MRF 
080 |a (062.552)  |2 MRF 
080 |a (082.21)  |2 MRF 
245 0 0 |a Poznámky k argumentaci /  |c Barbora Danešová ... [et al.] 
250 |a Vyd. 1. 
260 |a Ústí nad Orlicí :  |b Oftis pro Ústav filosofie a společenských věd Fakulty humanitních studií Univerzity Hradec Králové,  |c 2006 
300 |a 184 s. ;  |c 21 cm 
504 |a Obsahuje bibliografii a bibliografické odkazy 
650 0 7 |a argumentace  |7 ph118600  |2 czenas 
650 0 7 |a logika  |7 ph122436  |2 czenas 
650 0 7 |a řecká antická filozofie  |7 ph128248  |2 czenas 
650 0 9 |a argumentation  |2 eczenas 
650 0 9 |a logic  |2 eczenas 
650 0 9 |a Greek philosophy (ancient)  |2 eczenas 
655 7 |a sborníky  |7 fd724344  |2 czenas 
655 7 |a antologie  |7 fd131819  |2 czenas 
655 9 |a papers  |2 eczenas 
655 9 |a anthology  |2 eczenas 
700 1 |a Danešová, Barbora  |7 mzk2007411097  |4 aut 
710 2 |a Univerzita Hradec Králové.  |b Ústav filosofie a společenských věd  |7 kn20020422010 
910 2 |a BOA001  |b 2-1191.632 
990 |a BK 
995 |a 01 
991 |b 200709  |c NOV 
996 6 |b 2610319459  |c 2-1191.632  |l MZK  |r Sklad / do 1 hodiny  |n 2  |p p.v.  |w 000864237  |u 000010  |a 1  |e BOA001  |j MZK50  |s P